Geweld tegen vrouwen in heteroseksuele relaties: een landelijk onderzoek naar de omvang, de aard, de gevolgen en de achtergronden

Gespeichert in:  
Bibliographische Detailangaben
1. VerfasserIn: Römkens, Renée (Verfasst von)
Medienart: Druck Buch
Sprache:Niederländisch
Veröffentlicht: Amsterdam Stichting tot Wetenschappelijk Onderzoek bij de Univ. vna Amsterdam omtrent Sexualiteit en Geweld 1989
In:Jahr: 1989
Bestand in Tübingen:In Tübingen vorhanden.
UB: KB 19 A 1942
Verfügbarkeit prüfen: HBZ Gateway
Subito Bestelldienst: Jetzt bestellen.

MARC

LEADER 00000cam a2200000 c 4500
001 162346014X
003 DE-627
005 20220606130409.0
007 tu
008 940712s1989 xx ||||| 00| ||dut c
020 |a 9080027316  |9 90-800273-1-6 
035 |a (DE-627)162346014X 
035 |a (DE-576)039987922 
035 |a (DE-599)BSZ039987922 
035 |a (OCoLC)64865600 
040 |a DE-627  |b ger  |c DE-627  |e rakwb 
041 |a dut 
100 1 |a Römkens, Renée  |4 aut 
245 1 0 |a Geweld tegen vrouwen in heteroseksuele relaties  |b een landelijk onderzoek naar de omvang, de aard, de gevolgen en de achtergronden  |c Renée Römkens 
264 1 |a Amsterdam  |b Stichting tot Wetenschappelijk Onderzoek bij de Univ. vna Amsterdam omtrent Sexualiteit en Geweld  |c 1989 
300 |a 374 S. 
336 |a Text  |b txt  |2 rdacontent 
337 |a ohne Hilfsmittel zu benutzen  |b n  |2 rdamedia 
338 |a Band  |b nc  |2 rdacarrier 
583 1 |a Archivierung prüfen  |c 20200919  |f DE-640  |z 1  |2 pdager 
951 |a BO 
ELC |b 1 
LOK |0 000 xxxxxcx a22 zn 4500 
LOK |0 001 3251045075 
LOK |0 003 DE-627 
LOK |0 004 162346014X 
LOK |0 005 19961009000000 
LOK |0 008 940712||||||||||||||||ger||||||| 
LOK |0 040   |a DE-21  |c DE-627  |d DE-21 
LOK |0 852   |a DE-21 
LOK |0 852 1  |c KB 19 A 1942  |9 00 
LOK |0 935   |a krim 
LOK |0 936ln  |a k10.10.2 
LOK |0 939   |a 12-07-94  |b l01 
ORI |a SA-MARC-krimdoka001.raw 
SIG |a UB: KB 19 A 1942